US Presidents who Lost an Election - Statistics

General Stats
  • This quiz has been taken 46 times
  • The average score is 11 of 17
Answer Stats
Election Lost Answer % Correct
2020 Donald Trump
95%
1796 Thomas Jefferson
83%
1992 George H. W. Bush
75%
1980 Jimmy Carter
75%
1800 John Adams
75%
1976 Gerald Ford
73%
1960 Richard Nixon
70%
1932 Herbert Hoover
65%
1824 Andrew Jackson
63%
1888 Grover Cleveland
55%
1912 Theodore Roosevelt
55%
1912 William Howard Taft
55%
1828 John Quincy Adams
53%
1840, 1848 Martin Van Buren
53%
1836 William Henry Harrison
53%
1892 Benjamin Harrison
40%
1856 Millard Fillmore
40%
No matching quizzes found
Score Distribution
Percent of People with Each Score
Percentile by Number Answered
Your Score History
You have not taken this quiz